000 00589nam a2200253Ia 4500
005 20260306154453.0
008 008 260114s9999 xx 000 0 eng d
020 _a9781009276429
037 _aEBOOK
040 _aCRL
040 _beng
040 _cCRL
041 _2eng
041 _aeng
084 _qCRL
100 _aSuárez/Lloyd
_91127636
245 0 _aUnits of Selection
260 _bCambridge University Press
260 _c2023
650 _a Philosophy
856 _uhttps://doi.org/10.1017/9781009276429
942 _cEBOOK
999 _c1707641
_d1707641